Saurez-vous retrouver les bons fruits et légumes ? - Statistiques

Statistiques générales
  • Ce quiz a été pris 668 fois
  • Le résultat moyen est 9 sur 10
Statistiques - réponses
Question Réponse % Correct
Quel fruit est un kumquat ?
96%
Quel légume est un butternut ?
95%
Quel légume est un panais?
93%
quel fruit est une grenade ?
93%
Quel fruit est un kaki ?
91%
Quel légume est un épinard ?
90%
quel legume est un navet ?
89%
Quel fruit est un coing ?
88%
quel légume est une laitue ?
67%
Quel fruit est un durian ?
62%
Aucun quiz correspondant
Distribution des résultats
% des personnes avec chaque résultat
Percentile par nombre de réponses
Votre historique - résultats
Vous n’avez pas pris ce quiz